Zámek uprostřed světa /

Román renomované české autorky, jehož středobodem je barokní zámek v Panenských Břežanech, který se stal očitým svědkem některých dramatických událostí dvacátého století.

Uloženo v:
Hlavní autor: Štráfeldová, Milena, 1956- (Autor)
Médium: Kniha
Jazyk:Czech
Vydáno: Praha : Ikar, 2026
Vydání:První vydání
Témata:
Celkem bylo vypůjčeno:0x
Tagy:
Žádné tagy
LEADER 02148nam a2200397 i 4500
001 106332
003 CZ PrNK
005 20260513100117.0
007 ta
008 260504s2026 xr g 000 fdcze
015 |a cnb003743886 
020 |a 9788024958156  |q (vázáno) 
040 |a ABG001  |b cze  |e rda 
072 7 |a 821.162.3-3  |x Česká próza  |2 Konspekt  |9 25 
080 |a 821.162.3-31  |2 MRF 
080 |a (0:82-311.6)  |2 MRF 
100 1 |a Štráfeldová, Milena,  |d 1956-  |7 xx0106483  |4 aut  |9 24663 
245 1 0 |a Zámek uprostřed světa /  |c Milena Štráfeldová 
250 |a První vydání 
264 1 |a Praha :  |b Ikar,  |c 2026 
300 |a 382 stran ;  |c 24 cm 
336 |a text  |b txt  |2 rdacontent 
337 |a bez média  |b n  |2 rdamedia 
338 |a svazek  |b nc  |2 rdacarrier 
520 2 |a Román renomované české autorky, jehož středobodem je barokní zámek v Panenských Břežanech, který se stal očitým svědkem některých dramatických událostí dvacátého století.  |b Co mohou mít společného židovský cukrovarník evropského formátu Ferdinand Bloch-Bauer, původem z Mladé Boleslavi, s venkovským učitýlkem von Ostenem z ostrova Fehmarn ve šlesvicko-holštýnských vodách? Nebo malíř Gustav Klimt s policejním špiclem Kurtem Nowakem z Jihlavy? A především slavná Dáma ve zlatém s vdovou po Pražském katovi Linou Heydrichovou? Osudy těchto a mnoha dalších postav spojuje nenápadný zámek ve středních Čechách. Dnes chátrá, odehrál se tu však jeden z velkých příběhů dramatického 20. století. Nakladatelská anotace. 
610 2 7 |a Panenské Břežany (zámek)  |7 xx0319009  |2 czenas 
648 7 |a 20. století  |7 ch460558  |2 czenas  |9 52888 
655 7 |a české romány  |7 fd133974  |2 czenas  |9 54031 
655 7 |a historické romány  |7 fd132414  |2 czenas  |9 53624 
655 9 |a Czech fiction  |2 eczenas 
655 9 |a historical novels  |2 eczenas 
710 2 |a Ikar (nakladatelství)  |7 xx0237091  |4 pbl  |9 117123 
910 |a UOG502 
942 |2 ddc  |c KN 
999 |d 106332 
993 |0 0  |1 421180107053  |2 ddc  |4 0  |7 0  |9 99705  |b 0  |c 107053  |d 2026-05-13  |e 0  |f DOSP  |h 499.00  |i Koupě  |l DOSP  |r 2026-05-14  |t 6  |w 2026-05-13  |y KN  |z BELET  |n